Okullarda ölçme değerlendirme nasıl olmalı?/ (Record no. 45266)
| 000 -BAŞLIK | |
|---|---|
| Sabit Uzunluktaki Kontrol Alanı | 01358nam a22003857a 4500 |
| 001 - KONTROL NUMARASI | |
| Control Dosyası | 0045297 |
| 003 - KONTROL NUMARASI KİMLİĞİ | |
| Kontrol Alanı | KOHA_MİRAKIL |
| 005 - EN SON İŞLEM TARİHİ ve ZAMANI | |
| Kontrol Alanı | 20260207003441.0 |
| 007 - FİZİKSEL TANIM SABİT ALAN - GENEL BİLGİ | |
| Sabit uzunluklu kontrol alanı | ta |
| 008 - SABİT UZUNLUKTAKİ VERİ ÖGELERİ - GENEL BİLGİ | |
| Sabit Alan | 131217b2000 tu a|||gr||||#||||0|tur | |
| 020 ## - ISBN - ULUSLARARASI STANDART KİTAP NUMARASI | |
| Isbn | 9751117925 |
| 040 ## - KATALOGLAMA KAYNAĞI | |
| Özgün Kataloglama Kurumu | TR-BiSEU |
| Kataloglama Dili | tur |
| Çeviri Kurumu | TR-BiSEU |
| Açıklama Kuralları | rda |
| 041 0# - DİL KODU | |
| Metin ya da ses kaydının dil kodu | tur |
| 044 ## - YAYINLAYAN/ÜRETEN KURULUŞUN ÜLKE KODU | |
| ISO country code | tu |
| 050 ## - SINIFLAMA ve YER NUMARASI | |
| Sınıflama Numarası | LB3051 |
| Yer Numarası | .C45 2000 |
| 100 1# - KİŞİ ADI | |
| Yazar Adı (Kişi adı) | Çelik, Duran. |
| 245 1# - ESER ADI BİLDİRİMİ | |
| Başlık | Okullarda ölçme değerlendirme nasıl olmalı?/ |
| Sorumluluk Bildirimi | Duran Çelik ; Duran Çelik. |
| 264 #1 - ÜRERİM, YAYIN, DAĞITIM ve TELİF BİLDİRİMİ | |
| Yayın yeri | İstanbul : |
| Yayınlayan | Milli Eğitim Bakanlığı Yayınları |
| Yayın tarihi | 2000 |
| 300 ## - FİZİKSEL TANIMLAMA | |
| Sayfa, Cilt vb. | VIII, 166 sayfa : |
| Diğer fiziki detaylar | resimli ; |
| Boyutları | 23 cm. |
| 336 ## - İÇERİK TÜRÜ | |
| Content type term | metin |
| Content type code | txt |
| Source | rdacontent |
| 337 ## - MEDYA TÜRÜ | |
| Media type term | aracısız |
| Media type code | n |
| Source | rdamedia |
| 338 ## - TAŞIYICI TÜRÜ | |
| Carrier type term | cilt |
| Carrier type code | nc |
| Source | rdacarrier |
| 490 1# - DİZİ BİLDİRİMİ | |
| Dizi Bildirimi | Milli Eğitim Bakanlığı yayınları ; |
| Cilt Numarası | 3246. |
| 490 1# - DİZİ BİLDİRİMİ | |
| Dizi Bildirimi | Bilim ve Kültür Eserleri dizisi ; |
| Cilt Numarası | 1159. |
| 490 1# - DİZİ BİLDİRİMİ | |
| Dizi Bildirimi | Araştırma-İnceleme dizisi ; |
| Cilt Numarası | 84 |
| 500 ## - GENEL NOT | |
| Genel Not | Kaynakça var. |
| 650 #0 - KONU BAŞLIĞI EK GİRİŞ - KONU TERİMİ | |
| Konusal terim veya coğrafi ad | Education--Evaluation. |
| 9 (RLIN) | 34690 |
| 650 #0 - KONU BAŞLIĞI EK GİRİŞ - KONU TERİMİ | |
| Konusal terim veya coğrafi ad | Eğitim--Değerlendirme. |
| 9 (RLIN) | 34691 |
| 650 #0 - KONU BAŞLIĞI EK GİRİŞ - KONU TERİMİ | |
| Konusal terim veya coğrafi ad | Educational tests and measurements. |
| 9 (RLIN) | 17776 |
| 650 #0 - KONU BAŞLIĞI EK GİRİŞ - KONU TERİMİ | |
| Konusal terim veya coğrafi ad | Eğitim testleri ve ölçümleri. |
| 9 (RLIN) | 17777 |
| 830 1# - SERİ EK GİRİŞİ - TEKBİÇİM ESER ADI | |
| Tekbiçim Başlık | Milli Eğitim Bakanlığı yayınları ; |
| Volume number/sequential designation | 3246. |
| 9 (RLIN) | 7828 |
| 830 1# - SERİ EK GİRİŞİ - TEKBİÇİM ESER ADI | |
| Tekbiçim Başlık | Bilim ve Kültür Eserleri dizisi ; |
| Volume number/sequential designation | 1159. |
| 9 (RLIN) | 15641 |
| 830 1# - SERİ EK GİRİŞİ - TEKBİÇİM ESER ADI | |
| Tekbiçim Başlık | Araştırma-İnceleme dizisi ; |
| Volume number/sequential designation | 84 |
| 9 (RLIN) | 14008 |
| 942 ## - EK GİRİŞ ÖGELERİ (KOHA) | |
| Source of classification or shelving scheme | Library of Congress Classification |
| Koha item type | Book |
| Materyal Türü | Kalıcı Konum | Mevcut Konum | Raf Yeri | Sınıflandırma Kaynağı | Edinim Bilgisi | Ana Konular | Alt Konular | Yer Numarası | Demirbaş Numarası | Fatura Tarihi | Geri Çekilme Durumu | Kayıp Durumu | Hasarlı Durumu | Kredi için değil | Kayıt Tarih | Toplam Ödünçverme | Son Görülme Tarihi | Son Kontrol Tarihi | Genel / Bağış Notu |
|---|---|---|---|---|---|---|---|---|---|---|---|---|---|---|---|---|---|---|---|
| Book | Prof. Dr. Azmi Özcan Kütüphanesi | Prof. Dr. Azmi Özcan Kütüphanesi | Uluğbey Salonu | Library of Congress Classification | Bağış | EĞİTİM | Eğitim Teorisi ve Uygulaması | LB3051 .C45 2000 | 0045297 | 02/02/2026 | 17/12/2013 | 05/12/2024 | 05/12/2024 | Genel Bağış |
